Complete the Drama Movies (2010s) Quiz Stats

 Plays Quiz not verified by Sporcle

Score 0/40 Timer 05:00
1 Play Today
% Correct
Star
90.9%
Bohemian
90.9%
Dragon
90.8%
Deathly
90.2%
Knight
89.1%
Fifty
88.6%
Call
88.5%
You
88%
Blue
87.8%
Straight
87.5%
Speech
87.1%
Fault
86.2%
Extremely
85.7%
Forgive
85.7%
Shape
85.6%
Saving
85.5%
Dallas
84.7%
Steve
84.7%
Ides
82.7%
Dark
81.8%
% Correct
Tinker
81.1%
Hidden
78.1%
Bridge
76.2%
Gate
76%
Captain
75.5%
Tree
75.1%
Kevin
74.6%
Before
73.4%
Kingdom
71.8%
Project
70.8%
Beasts
68.9%
Nation
67.4%
Glass
66%
Butler
64.9%
Bone
63.2%
Station
60.6%
Phantom
60.4%
Money
52.8%
Israel
47.4%
Jones
44.7%

You're not logged in!

Compare scores with friends on all Sporcle quizzes.
OR
Log In

You Might Also Like...

Show Comments

Extras

Top Quizzes Today


Score Distribution

Your Account Isn't Verified!

In order to create a playlist on Sporcle, you need to verify the email address you used during registration. Go to your Sporcle Settings to finish the process.

Report this User

Report this user for behavior that violates our Community Guidelines.

Details: